La ordenación de las zonas litorales
Сохранить в:
| Главный автор: | |
|---|---|
| Формат: | |
| Язык: | испанский |
| Опубликовано: |
Madrid
Instituto de Estudios de Administración Local
1981
|
| Серии: | Colección Nuevo Urbanismo, 32
|
| Предметы: | |
| Метки: |
Добавить метку
Нет меток, Требуется 1-ая метка записи!
|
MARC
| LEADER | 00000cam a2200000 a 4500 | ||
|---|---|---|---|
| 001 | UCI6095 | ||
| 003 | CL-VaPUC | ||
| 008 | 080418e19810000SP |||||||||||||||||spa|d | ||
| 020 | |a 8470882775 | ||
| 082 | 0 | 4 | |a 333.917 |b MIC |2 21 |
| 100 | |a Michaud, Jean-Luc |e autor |9 528828 | ||
| 245 | 1 | 3 | |a La ordenación de las zonas litorales |
| 300 | |a 385 p | ||
| 942 | |c BK | ||
| 945 | |d 20080418 00:00:00 |a jtorresc | ||
| 260 | |a Madrid |b Instituto de Estudios de Administración Local |c 1981 | ||
| 650 | 7 | |a LITORALES |2 CL-VaPUC |9 357424 | |
| 650 | 0 | |a Zonas costeras |9 350532 | |
| 650 | 0 | |a Impacto ambiental |9 262796 | |
| 650 | 0 | |a Costas |9 261336 | |
| 650 | 7 | |a BAHIAS |2 CL-VaPUC |9 357425 | |
| 583 | |a last modification |c 20140701 12:04:10 |k Rodrigo Vera | ||
| 490 | 0 | |a Colección Nuevo Urbanismo, 32 | |
| 999 | |c 329695 |d 329693 | ||
| 952 | |0 0 |1 0 |4 0 |6 333_917000000000000_MIC_1981 |7 0 |8 A |9 414693 |a BIBING |b BIBING |d 2019-11-22 |i 4429109 |o 333.917 MIC 1981 |p 4429109 |r 2025-01-20 |w 2019-11-22 |y BK |k GEO | ||
| 952 | |0 0 |1 0 |3 erb |4 0 |6 333_917000000000000_MIC_1981 |7 0 |8 A |9 414694 |a BIBING |b BIBING |i 5068940 |o 333.917 MIC 1981 |p 5068940 |r 2025-01-20 |w 2019-11-22 |y BK |k GEO | ||